2010s Rock Bands A-Z - Statistics

General Stats
  • This quiz has been taken 172 times
  • The average score is 8 of 26
Answer Stats
Letter Songs Answer % Correct
I Radioactive | Natural Imagine Dragons
86%
A Do I Wanna Know? | Why'd You Only Call Me When You're High? Arctic Monkeys
78%
T Stressed Out | Ride Twenty One Pilots
75%
O Counting Stars | I Lived OneRepublic
74%
P High Hopes | House of Memories Panic! At The Disco
65%
L Ho Hey | Ophelia The {Lumineers}
60%
D The Sound Of Silence | The Vengeful One Disturbed
49%
C Cigarette Daydreams | Come A Little Closer Cage The Elephant
38%
B Lonely Boy | Howlin' For You The {Black} {Keys}
38%
W Shut Up And Dance | Anna Sun Walk The Moon
38%
X Renegades | Unsteady X Ambassadors
28%
M Madness | Psycho Muse
26%
F Wrong Side Of Heaven | Jekyll and Hyde Five Finger Death Punch
21%
G Highway Tune | Black Smoke Rising Greta Van Fleet
21%
R Figure It Out | Lights Out Royal Blood
21%
H I Miss The Misery | Love Bites (So Do I) Halestorm
20%
S Cut The Cord | Enemies Shinedown
15%
Z Knee Deep | Homegrown Zac Brown Band
9%
N Amsterdam | Trip Switch Nothing But Thieves
8%
V Lola Montez | The Devil's Bleeding Crown Volbeat
7%
E One For The Money | Broken Heart Escape The Fate
4%
J Line Of Fire | Far Away Junip
3%
K Work This Time | Sense King Gizzard & the Lizard Wizard
3%
Q Forget The Lies | Africa Quietdrive
3%
U So Good At Being In Trouble | Hunnybee Unknown Mortal Orchestra
3%
Y Take On The World | Bite My Tongue You At Me Six
1%
No matching quizzes found
Score Distribution
Percent of People with Each Score
Percentile by Number Answered
Your Score History
You have not taken this quiz